| 000 | 00605nam a2200229Ia 4500 | ||
|---|---|---|---|
| 003 | OSt | ||
| 005 | 20221006164507.0 | ||
| 006 | a|||||r|||| 00| 0 | ||
| 007 | ta | ||
| 008 | 221006b |||||||| |||| 00| 0 eng d | ||
| 024 | _a1,041 | ||
| 037 | _cTextual | ||
| 040 |
_aFML _cFML _beng |
||
| 041 |
_2eng _aeng |
||
| 082 | _aV2'K, P7 | ||
| 100 |
_aIrfan habib Au. _9677628 |
||
| 245 | 0 | _aMedival India, The Studyof a Civilization | |
| 260 |
_aNew Delhi _bNational Book trust _c2007 |
||
| 300 |
_a393 _ccm. |
||
| 942 |
_hV2'K, P7 _cTEXL _2CC |
||
| 999 |
_c1117454 _d1117454 |
||